Sepakat daripada perspektif pengurusan organisasi

Bibliographic Details
Main Author: M.Z. Azmie,Dato'
Format: Book
Published: Kuala Lumpur : Utusan Publications & Distributors , 2006
Subjects:

MARC

LEADER 00000cam a2200000 7i4500
001 0000014629
005 20250424150712.0
008 080304
020 |a 9676118796 
090 0 0 |a 658.4022   |b MZA 
100 0 |a M.Z. Azmie,Dato' 
245 1 0 |a Sepakat daripada perspektif pengurusan organisasi   |c Dato' M.Z. Azmie 
260 |a Kuala Lumpur :   |b Utusan Publications & Distributors ,   |c 2006 
650 0 |a Organizational effectiveness 
650 0 |a Teams in the workplace 
999 |a 0001014508   |b Book   |c Adult Collection   |e Perbadanan Perpustakaan Awam Johor 
999 |a 0001014510   |b Book   |c Adult Collection   |e Perbadanan Perpustakaan Awam Johor 
999 |a 0001014511   |b Book   |c Adult Collection   |e Cawangan Batu Pahat 
999 |a 0001014512   |b Book   |c Adult Collection   |e Perbadanan Perpustakaan Awam Johor 
999 |a 0001017893   |b Book   |c Adult Collection   |e Cawangan Pontian 
999 |a 0001017895   |b Book   |c Adult Collection   |e Cawangan Taman Sri Lambak